Catálogo

Testimonios de migración : (Registro nro. 59018)

Detalles MARC
000 -LEADER
fixed length control field 01020cam a2200265 i 4500
001 - CONTROL NUMBER
control field 59018
005 - DATE AND TIME OF LATEST TRANSACTION
control field 20191004132004.0
008 - FIXED-LENGTH DATA ELEMENTS--GENERAL INFORMATION
fixed length control field 140415s2006 mx r 000 0 spa d
020 ## - INTERNATIONAL STANDARD BOOK NUMBER
International Standard Book Number 9688639958
040 ## - CATALOGING SOURCE
Original cataloging agency MX-PuUPA
Language of cataloging spa
Description conventions rda
Transcribing agency Mx-PuUPA
Modifying agency Mx-PuUPA
041 0# - LANGUAGE CODE
Language code of text/sound track or separate title spa
082 0# - DEWEY DECIMAL CLASSIFICATION NUMBER
Classification number 304.873072
Item number BOR
100 1# - MAIN ENTRY--PERSONAL NAME
Personal name Borisovna, Liudmila,
Relator term autor
9 (RLIN) 3200
245 10 - TITLE STATEMENT
Title Testimonios de migración :
Remainder of title Tianguistenco, Huejotzingo, Puebla, 2001 /
Statement of responsibility, etc. Ludmila Borisovna Biriukova, Ricardo Téllez Girón López.
264 #1 - PRODUCTION, PUBLICATION, DISTRIBUTION, MANUFACTURE, AND COPYRIGHT NOTICE
Place of production, publication, distribution, manufacture Puebla, Pue. :
Name of producer, publisher, distributor, manufacturer Instituto de Ciencias Sociales y Humanidades "Alfonso Vélez Pliego",
Date of production, publication, distribution, manufacture, or copyright notice 2006
300 ## - PHYSICAL DESCRIPTION
Extent 29 páginas ;
Dimensions 24 cm.
336 ## - CONTENT TYPE
Content type term texto
Source rdacontent
337 ## - MEDIA TYPE
Media type term sin mediación
Source rdamedia
338 ## - CARRIER TYPE
Carrier type term volumen
Source rdacarrier
650 #4 - SUBJECT ADDED ENTRY--TOPICAL TERM
Topical term or geographic name entry element Mexicanos
Geographic subdivision Estados Unidos
651 #4 - SUBJECT ADDED ENTRY--GEOGRAPHIC NAME
Geographic name México
General subdivision Emigración e inmigración
651 #4 - SUBJECT ADDED ENTRY--GEOGRAPHIC NAME
Geographic name Estados Unidos
General subdivision Emigración e inmigración
700 1# - ADDED ENTRY--PERSONAL NAME
Personal name Téllez Girón López, Ricardo,
Relator term autor
9 (RLIN) 6152
942 ## - ADDED ENTRY ELEMENTS (KOHA)
Classification part 304.873072
Item part BOR
Koha item type Libro
Existencias
Withdrawn status Lost status Source of classification or shelving scheme Damaged status Not for loan Collection code Home library Current library Shelving location Date acquired Source of acquisition Inventory number Total Checkouts Full call number Barcode Date last seen Price effective from Koha item type
    Dewey Decimal Classification   Consulta en sala Puebla Biblioteca Karol Wojtyla Biblioteca Karol Wojtyla Área de silencio 30/01/2017 Compra 151000000000000000017503   304.873072 BOR 2006 96945 05/01/2026 30/01/2017 Libro